đź“–đź’¬ "Conseil tenu par les Rats" Jean de la Fontaine - Statistiques

Statistiques générales
  • Ce quiz a Ă©tĂ© pris 31 fois
  • Le rĂ©sultat moyen est 130 sur 243
Statistiques - réponses
Mots % Correct
d'
100%
de
100%
De
100%
Est-
100%
s'
100%
Ă 
88%
au
88%
des
88%
Dès
88%
en
88%
Et
88%
et
88%
il
88%
J'
88%
l'
88%
L'
88%
la
88%
La
88%
Le
88%
le
88%
Rats
88%
Rats,
88%
Rodilard
88%
Rodilard ;
88%
Rodilardus
88%
ai
75%
avait
75%
n'
75%
Ne
75%
ne
75%
pas
75%
plus,
75%
plus
75%
qu'
75%
Qu'
75%
Que
75%
que
75%
suis
75%
Un
75%
un
75%
Chat,
63%
dit :
63%
ils
63%
"Je
63%
je
63%
mais
63%
on
63%
On
63%
Qui
63%
sa
63%
se
63%
si
63%
Si
63%
tout
63%
y
63%
avec
50%
bien
50%
ce
50%
Chose
50%
Faisait
50%
fut
50%
leur
50%
nommé
50%
Or
50%
peu
50%
point,
50%
pour
50%
quand
50%
sans
50%
son
50%
sont
50%
sot" ;
50%
soĂ»,
50%
telle
50%
tous
50%
voyait
50%
ainsi,
38%
ainsi
38%
alla
38%
autre :
38%
cou
38%
faire
38%
fallait,
38%
faut-
38%
fit
38%
fort
38%
guerre,
38%
jour
38%
Non
38%
non
38%
rien
38%
Sur
38%
Voire
38%
vus,
38%
avis
25%
Chacun
25%
Chanoines.
25%
chapitre
25%
Chapitres
25%
Chapitres,
25%
chapitres
25%
Cour
25%
déconfiture
25%
délibérer,
25%
grelot
25%
grelot.
25%
manger
25%
mis
25%
Moines,
25%
osant
25%
parut
25%
personne
25%
personne.
25%
quitter
25%
restait,
25%
tard,
25%
terre ;
25%
tint
25%
tĂ´t
25%
trou,
25%
Attacher
13%
attacher
13%
avertis,
13%
besoin
13%
chercher
13%
chez
13%
coin
13%
Conseillers
13%
Dame,
13%
dedans
13%
demeurant
13%
Diable.
13%
difficulté
13%
Doyen,
13%
exécuter,
13%
femme,
13%
foisonne ;
13%
galand
13%
gent
13%
haut
13%
irait
13%
loin
13%
maints
13%
marche
13%
misérable,
13%
Monsieur
13%
moyen.
13%
Opina
13%
passait,
13%
Pendant
13%
presque
13%
prudente,
13%
quart
13%
quitta.
13%
rencontre
13%
sabbat
13%
salutaire.
13%
saurais."
13%
savait
13%
sépulture.
13%
Tant
13%
tenus ;
13%
trouvait
13%
vas
13%
abord,
0%
enfuiraient
0%
néant
0%
nécessité
0%
présente.
0%
Aucun quiz correspondant
Distribution des résultats
% des personnes avec chaque résultat
Percentile par nombre de réponses
Votre historique - résultats
Vous n’avez pas pris ce quiz